Statistics for Countries by Population - 2022 June 2nd 3:05 PM EST

Click here to take the quiz!

General Stats

  • This quiz has been taken 7 times
  • The average score is 13 of 15

Answer Stats

PopulationAnswer% Correct
216,473,588Brazil
100%
1,450,040,574China
100%
1,406,519,713India
100%
279,185,647Indonesia
100%
125,741,394Japan
100%
215,494,182Nigeria
100%
334,762,085United States
100%
131,584,151Mexico
83%
229,460,087Pakistan
83%
112,454,031Phillippines
83%
99,046,959Vietnam
83%
106,184,976Egypt
67%
120,723,151Ethiopia
67%
146,054,192Russia
67%
167,896,885Bangladesh
33%

Score Distribution

Percentile by Number Answered

Percent of People with Each Score

Your Score History

You have not taken this quiz